000 01114naa a22003137a 4500
001 BR7908273
003 BR-BrBNA
005 20240918174529.0
007 ta
008 230509b bl.||||| |||| 00| 0 por d
040 _aBR-BrBNA
_bpor
_cBiblioteca Nacional de Agricultura
041 _a(Pt)
072 _aL73; L70
_b5120
_b4110
_b4130
_b4060
_b3910
090 _aL73 BR7908273
100 1 _aKnight, H.D.
111 1 _a2. Ciclo Internacional de Clinica Veterinaria
_cSao Paulo, SP (Brazil)
_d12 Mar 1979
245 1 _aEnfermidades pulmonares no cavalo adulto [pneumonia]
260 3 _aSao Paulo, SP (Brasil):
_c1979.
500 _aAnais do 2. Ciclo Internacional de Clinica Veterinaria Equina Sao Paulo, SP (Brasil): 1979. p. 135-140 (BR7908273-AM)L73
650 _aCAVALO
650 _aPNEUMONIA
650 _aBACTERIA
650 _aFUNGO
650 _aPARASITO DE ANIMAL
650 _aANTIBIOTICO
773 0 _tAnais do 2. Ciclo Internacional de Clinica Veterinaria Equina
_wL73 BR7908273
_gSao Paulo, SP (Brasil), 1979. p. 135-140
909 _a202404
_bLucia
_c55
_dLucia Elande
942 _cAM
_2AGRIS
999 _c311802
_d311802